Catalog

Record Details

Catalog Search



Paul, the Spirit, and the people of God  Cover Image Book Book

Paul, the Spirit, and the people of God / Gordon D. Fee

Fee, Gordon D. (Author).

Record details

  • ISBN: 1-56563-170-6
  • Physical Description: 208 p.
  • Edition: 2nd printing
  • Publisher: Peabody, Massachusetts Hendrickson Publishers 1995

Available copies

  • 1 of 1 copy available at Common Catalog SPOK.

Holds

  • 0 current holds with 1 total copy.
Show All Copies
Location Call Number / Copy Notes Barcode Shelving Location Status Due Date
ETS Library 230.309015 424470002758 Volný výběr Available -

LDR 00703nam a2 00253
00138994
003CZ-PrJAB
00520030506000000.0
008030503s1995 xxu e |||| |eng
009us
020 . ‡a1-56563-170-6
035 . ‡a(CONS)6964
035 . ‡aKPS11447
040 . ‡aABG450
041 . ‡aeng
08214. ‡a230.309015
100 . ‡71 ‡aFee, Gordon D.
245 . ‡aPaul, the Spirit, and the people of God / ‡cGordon D. Fee
250 . ‡a2nd printing
260 . ‡aPeabody, Massachusetts ‡bHendrickson Publishers ‡c1995
300 . ‡a208 p.
653 . ‡aPaul, the Spirit, and the people of God
8524 . ‡bETS ‡bETS ‡cVolný výběr ‡j230.309015 ‡gA ‡p424470002758
910 . ‡aABG450
999 . ‡a6964 ‡bAUTOGEN ‡c6964 ‡tbiblio
905 . ‡uadmin
901 . ‡a38994 ‡b ‡c38994 ‡tbiblio ‡sets

Additional Resources